Online
Catalog

Análisis de situación en salud mental y atención primaria en República Dominicana : (Record no. 55400)

MARC details
000 -CABECERA
campo de control de longitud fija 03840nam a2200361 i 4500
003 - IDENTIFICADOR DEL NÚMERO DE CONTROL
campo de control DO-SdBNP
005 - FECHA Y HORA DE LA ÚLTIMA TRANSACCIÓN
campo de control 20250515140454.0
006 - CÓDIGOS DE INFORMACIÓN DE LONGITUD FIJA--CARACTERÍSTICAS DEL MATERIAL ADICIONAL
campo de control de longitud fija a||||gr|||| 00| 0
007 - CAMPO FIJO DE DESCRIPCIÓN FÍSICA--INFORMACIÓN GENERAL
campo de control de longitud fija ta
008 - DATOS DE LONGITUD FIJA--INFORMACIÓN GENERAL
campo de control de longitud fija 231026b2018 dr ab||| |||| 00| m spa d
040 ## - FUENTE DE LA CATALOGACIÓN
Centro catalogador/agencia de origen DO-SdBNP
Lengua de catalogación spa
Centro/agencia transcriptor BNPHU
Normas de descripción rda
041 ## - CÓDIGO DE LENGUA
Código de lengua original spa
082 #4 - NÚMERO DE LA CLASIFICACIÓN DECIMAL DEWEY
Número de clasificación 362.2097293
Número de documento/Ítem L937a
Número de edición 22
100 1# - ENTRADA PRINCIPAL--NOMBRE DE PERSONA
Nombre de persona Luciano, Dinys,
9 (RLIN) 86088
Término indicativo de función/relación autor
245 10 - MENCIÓN DE TÍTULO
Título Análisis de situación en salud mental y atención primaria en República Dominicana :
Resto del título informe de investigación /
Mención de responsabilidad, etc. Luciano Dinys, Edna Nadal, Sonia Brito, Martín Negrete, Ivette Contreras.
264 #1 - PRODUCCIÓN, PUBLICACIÓN, DISTRIBUCIÓN, FABRICACIÓN Y COPYRIGHT
Producción, publicación, distribución, fabricación y copyright Santo Domingo :
Nombre del de productor, editor, distribuidor, fabricante Ministerio de Salud Pública,
Fecha de producción, publicación, distribución, fabricación o copyright 2018
300 ## - DESCRIPCIÓN FÍSICA
Extensión 121 páginas :
Otras características físicas ilustraciones ; cuadros, gráficos ;
Dimensiones 26 cm.
336 ## - TIPO DE CONTENIDO
Fuente rdacontent
Término de tipo de contenido texto
Código de tipo de contenido txt
337 ## - TIPO DE MEDIO
Fuente rdamedia
Nombre/término del tipo de medio sin mediación
Código del tipo de medio n
338 ## - TIPO DE SOPORTE
Fuente rdacarrie
Nombre/término del tipo de soporte volumen
Código del tipo de soporte nc
500 ## - NOTA GENERAL
Nota general Incluye referencias bibliográficas y notas al pie de las páginas
504 ## - NOTA DE BIBLIOGRAFÍA, ETC.
Nota de bibliografía, etc. interinstitucional
505 0# - NOTA DE CONTENIDO CON FORMATO
Nota de contenido con formato 1. Descripción general del estudio 1 -- Definiciones y enfoque 1 -- Objetivos 2 -- Metodología 2 -- Limitaciones generales del estudio 4 -- 2. Análisis de contexto de la salud mental 5 -- Magnitud de los trastornos MNS y factores asociados 6 -- Carga de enfermedad asociada a trastornos MNS 15 -- Políticas, normas e inversión pública 26 -- Disponibilidad y utilización de servicios para la atención a trastornos MNS 31 -- Recursos humanos y programas de formación 32 -- Colaboración interinstitucional, apoyo social, prevención y sistemas de información 33 -- 3. Entrevistas a tomadores de decisiones 36 -- Características de las personas entrevistadas 36 -- Trastornos MNS a nivel nacional y provincial 37 -- Garantías de servicios 41 -- Mecanismos de coordinación interinstitucional 43 -- Actitudes y creencias sobre la salud mental 44 -- Necesidades organizacionales y programáticas para la oferta de servicios de salud mental 45 -- Colaboración intra e intersectorial 48 -- 4. Entrevistas a proveedores de servicios 48 -- Características de las personas entrevistadas 49 -- Perfil de la demanda de servicios de salud mental 50 -- Oferta de servicios, disponibilidad y utilización de herramientas técnicas y normativas 53 -- Prevención y promoción 57 -- Patrones de utilización de servicios de salud mental 58 -- Actitudes y creencias sobre la salud mental 60 -- Necesidades organizacionales y programáticas para la oferta de servicios de salud mental 62 -- Experiencia personal y profesional de las y los proveedores en el trabajo con personas afectadas por trastorno MNS 67 -- 5. Observación de servicios de atención primaria 68 -- Oferta de servicios de salud mental 68 -- Medicación psicotrópica 69 -- Recursos humanos 70 -- Infraestructura física de las áreas asistenciales 70 -- Equipos básicos y condiciones de mantenimiento 71 -- Expediente clínico 71 -- Acciones de promoción y prevención 72 -- 6. Grupos focales con subpoblaciones a nivel comunitario 74 -- Características de las y los participantes 75 -- Hallazgos de la entrevista inicial 76 -- Actitudes, creencias y conocimientos sobre salud mental 77 -- Factores asociados a los trastornos MNS y patrones de utilización de servicios 94 -- Necesidades que deben ser atendidas en los servicios de salud, las comunidades y otros sectores 101 -- 7. Discusión de resultados y recomendaciones 108 -- Discusión de resultados 108 -- Recomendaciones 114 -- Anexo 119
590 ## - NOTA LOCAL (RLIN)
Nota local Inventariado 2023 / DG
650 #4 - PUNTO DE ACCESO ADICIONAL DE MATERIA--TÉRMINO DE MATERIA
Término de materia o nombre geográfico como elemento de entrada Salud mental
Subdivisión geográfica República Dominicana
9 (RLIN) 1052
650 #0 - PUNTO DE ACCESO ADICIONAL DE MATERIA--TÉRMINO DE MATERIA
Término de materia o nombre geográfico como elemento de entrada Atención primaria de salud
9 (RLIN) 20167
700 1# - PUNTO DE ACCESO ADICIONAL--NOMBRE DE PERSONA
Nombre de persona Nadal, Edna,
9 (RLIN) 86089
Término indicativo de función/relación autor
700 1# - PUNTO DE ACCESO ADICIONAL--NOMBRE DE PERSONA
Nombre de persona Brito, Sonia,
9 (RLIN) 58055
Término indicativo de función/relación autor
700 1# - PUNTO DE ACCESO ADICIONAL--NOMBRE DE PERSONA
Nombre de persona Negrete, Martín,
9 (RLIN) 86090
Término indicativo de función/relación autor
700 1# - PUNTO DE ACCESO ADICIONAL--NOMBRE DE PERSONA
Nombre de persona Contreras, Ivette,
9 (RLIN) 86091
Término indicativo de función/relación autor
910 ## - DATOS DE OPCIÓN DEL USUARIO (OCLC)
Datos de opción del usuario DG/Validado. Control de calidad MFF
942 ## - ELEMENTOS DE PUNTO DE ACCESO ADICIONAL (KOHA)
Fuente del sistema de clasificación o colocación Dewey Decimal Classification
Tipo de ítem Koha Libro
Holdings
Estado de retiro Estado de pérdida Fuente del sistema de clasificación o colocación Restricciones de uso No para préstamo Código de colección Localización permanente Ubicación/localización actual Ubicación en estantería Fecha de adquisición Fuente de adquisición Total de préstamos Signatura topográfica completa Código de barras Fecha visto por última vez Precio válido a partir de Tipo de ítem Koha Número de copia
    Dewey Decimal Classification Excluido de préstamo   Patrimonio Dominicano Biblioteca Nacional Pedro Henríquez Ureña Biblioteca Nacional Pedro Henríquez Ureña Depósito 03.11.2023 donación   BNPHU PD 362.2097293 L937a 2023-7603 03.11.2023 03.11.2023 Libro  
    Dewey Decimal Classification Excluido de préstamo   Patrimonio Dominicano Biblioteca Nacional Pedro Henríquez Ureña Biblioteca Nacional Pedro Henríquez Ureña Depósito 03.11.2023 donación   BNPHU PD 362.2097293 L937a 2023-7604 03.11.2023 03.11.2023 Libro e.2
    Dewey Decimal Classification Préstamo en sala   Dominicana de Servicio Biblioteca Nacional Pedro Henríquez Ureña Biblioteca Nacional Pedro Henríquez Ureña Depósito 03.11.2023 donación   BNPHU DS 362.2097293 L937a 2023-7605 03.11.2023 03.11.2023 Libro e.3

Powered by Koha